000 01132nam a2200289Ia 4500
003 OSt
005 20221005105042.0
006 a|||||r|||| 00| 0
007 ta
008 221004b |||||||| |||| 00| 0 hin d
020 _cINR 30.00
024 _a37704
037 _b1517, 21/02/2018, Bookwell
_cTextual
040 _aCRL
_cCRL
_bhin
041 _2hin
_ahin
082 _aP152:795(O111,1), 152N1
100 _aसहगल, नगीन चंद्र, ले.
245 0 _aकाव्यानुवाद
_b सिद्धांत और समस्याएॅं
246 _aKāvyānuvāda: siddhāanta aur samasyāeॅan
260 _aदिल्ली
_bहिंदी माध्यम कार्यान्वय निदेशालय भारत
_c1991
300 _a212पृ0
_ccm.
650 _a अंग्रेजी कविता
650 _a अनुवाद
650 _aभाषा
942 _hP152:795(O111,1), 152N1
_cTEXL
_2cc
999 _c1014598
_d1014598